Jaws Franchise - Statistics

General Stats
  • This quiz has been taken 62 times
  • The average score is 8 of 14
Answer Stats
Type Year Name Info % Correct
Novel 1974 Jaws Peter Benchley
100%
Film 1975 Jaws Universal
100%
Video Game 1987 Jaws LJN
100%
Theme Park Attraction 1990-Present Jaws Universal Studios Japan / Universal Studios Florida
100%
Film 1978 Jaws 2 Universal
100%
Film 1983 Jaws 3-D Universal
100%
Film 1987 Jaws: The Revenge Universal
100%
Video Game 2006 Jaws Unleashed Majesco Entertainment / THQ
25%
Documentary 1995 The Making of 'Jaws' Universal
20%
Documentary 2012 The Shark Is Still Working Universal
11%
Board Game 1975 The Game of Jaws Ideal
7%
Video Game 2019 Jaws.io Universal Interactive
5%
TV Documentary 1997 In the Teeth of Jaws BBC Two
2%
Video Game 1975 Shark Jaws Atari / Horror Games
2%
No matching quizzes found
Score Distribution
Percent of People with Each Score
Percentile by Number Answered
Your Score History
You have not taken this quiz